000 00603nam a22002057a 4500
999 _c4430
_d4430
003 AR-CdUCM
008 190308b ||||| |||| 00| 0 spa d
040 _aMUNICIPALIDAD PROVINCIAL DEL CUSCO
_cBIBLIOTECA MUNICIPAL DEL CUSCO
082 _a869.45 /
_bSH47
100 _aShimose, Pedro
_95518
245 _aSardonia /
260 _aLa Paz :
_bUniversidad Mayor de San Andrés,
_c1967.
300 _a69 páginas ;
_c19 cm.
500 _aDonación de la familia Nieto
650 _aBolivia
_91138
650 _aPoesía boliviana
_92577
650 _aSiglo XX
_98
942 _2ddc
_cLIBROS
945 _araen